000 00770cab a2200277 4500
001 X3183
008 090401t1996 xxu||||| |||| 00| 0 eng d
035 _a(Sirsi) u29010
041 _aeng
100 _aLugoe, F.N.
245 _aTanzania re-examines its policies on land
260 _c1996
350 _a0
490 _aSurveying World
_v4(3) March/April 1996, 24-29(3)
520 _aReviews Tanzania`s National Land Policy document aimed at overhauling the country`s land ownership system.
650 _aAFRICA
650 _aAGRICULTURE
650 _aCADESTRAL SURVEYING
650 _aLAND SURVEYING
650 _aLAND TENURE
650 _aTANZANIA
690 _aLAND
690 _aOVERSEAS-REST OF THE WORLD
942 _n0
948 _c04/03/1997
999 _c19524
_d19524